000 00756nam a22001457a 4500
008 110413t xxu||||| |||| 00| 0 eng d
100 _aKurunda-Kivejinja A. M.
_91030
245 _aUganda : The Crisis of Confidence /
_cA.M. Kirunda - Kivejinja . _
260 _aKampala :
_bProgresive Publishing House;
_c1995.
300 _a427p.;
_c24 cm.
942 _2ddc
_cBK
999 _c346
_d346